Normal view
MARC view
Entry Personal Name
001 - CONTROL NUMBER
- control field: 12854
003 - CONTROL NUMBER IDENTIFIER
- control field: BD-RjUL
005 - DATE AND TIME OF LATEST TRANSACTION
- control field: 20240506151105.0
008 - FIXED-LENGTH DATA ELEMENTS
- fixed length control field: 240506|| aca||aabn | a|a d
040 ## - CATALOGING SOURCE
- Original cataloging agency: BD-RjUL
- Transcribing agency: BD-RjUL
100 ## - HEADING--PERSONAL NAME
- Personal name: Sienkiewicz, Henryk,
- Dates associated with a name: 1846-1916
670 ## - SOURCE DATA FOUND
- Source citation: Work cat.: (BD-RjUL)83656: Sienkiewicz, Henryk, 1846-1916., Quo Vadis :, 1960.